Les reptiles et poissons de fiction - Statistiques

Statistiques générales
  • Ce quiz a été pris 73 fois
  • Le résultat moyen est 8 sur 15
Statistiques - réponses
Hint Extra Hint Réponse % Correct
Le livre de la jungle Serpent Kaa
93%
La petite sirène (Disney) Poisson Polochon
75%
L'île aux enfants Dinosaure Casimir
73%
Muppet show Grenouille Kermit
68%
Le dernier dinosaure Dinosaure Denver
67%
Gaston Lagaffe Poisson Bubulle
63%
Harry Potter Serpent Nagini
63%
Pinocchio (Disney) Baleine Monstro
47%
Robin des Bois (Disney) Serpent Persifleur
47%
Harry Potter Crapaud Trevor
42%
Le retour de Godzilla Kaiju Anguirus
30%
Shrek 2 Grenouille Harold
28%
Thorgal Serpent Niddhog
27%
Le monde du silence Mérou Jojo
17%
Conan le barbare Serpent Dregs
15%
Aucun quiz correspondant
Distribution des résultats
% des personnes avec chaque résultat
Percentile par nombre de réponses
Votre historique - résultats
Vous n’avez pas pris ce quiz